Born in Watford - Statistics

General Stats
  • This quiz has been taken 26 times
  • The average score is 3 of 6
Answer Stats
Hint Answer % Correct
Manager of the English football national team since 2016 1970 Gareth Southgate
86%
Boxer who held the heavyweight world champion title from 2016 to 2021 1989 Anthony Joshua
77%
Singer who rose to prominence as a member of the "Spice Girls" 1972 Geri Halliwell
73%
DJ and record producer, "La La La" 1981 Naughty Boy
41%
Former child actor, known for his role as James in "James and the Giant Peach" 1985 Paul Terry
18%
Mathematician who made important contributions to general relativity 1909 Arthur Geoffrey Walker
14%
No matching quizzes found
Score Distribution
Percent of People with Each Score
Percentile by Number Answered
Your Score History
You have not taken this quiz